|
|
|
|
| LEADER |
01248nam a2200337 i 4500 |
| 001 |
35690 |
| 003 |
BD-DhAAL |
| 005 |
20211129154016.0 |
| 008 |
190922r20081986enka b 001 0 eng d |
| 999 |
|
|
|c 41337
|d 41337
|
| 010 |
|
|
|a 80503143
|
| 015 |
|
|
|a GB***
|
| 020 |
|
|
|a 9780194327169
|
| 020 |
|
|
|a 0194327167 :
|c $5.50
|
| 040 |
|
|
|a DLC
|c DLC
|d DLC
|d BD-DhAAL
|
| 050 |
0 |
0 |
|a PB36
|b .L37 1979
|
| 082 |
0 |
0 |
|a 418.007
|2 19
|
| 100 |
1 |
|
|a Lee, William Rowland.
|9 34994
|
| 245 |
1 |
0 |
|a Language teaching games and contests /
|c W. R. Lee.
|
| 250 |
|
|
|a Second revised edition
|
| 260 |
|
|
|a Oxford ;
|a New York :
|b Oxford University Press,
|c 2008
|
| 300 |
|
|
|a 208 pages :
|b illustrations ;
|c 22 cm.
|
| 500 |
|
|
|a Includes index.
|
| 504 |
|
|
|a Includes bibliographical references (pages 194-196).
|
| 526 |
|
|
|a BIED
|
| 541 |
|
|
|a Complimentary copy from BIED
|e 35690
|
| 650 |
|
0 |
|a Languages, Modern
|x Study and teaching.
|9 34995
|
| 650 |
|
0 |
|a Educational games.
|9 34996
|
| 852 |
|
|
|a Ayesha Abed Library
|c BIED Collection
|
| 942 |
|
|
|2 ddc
|c BK
|
| 952 |
|
|
|0 0
|1 0
|2 ddc
|4 0
|6 418_007000000000000_LEE
|7 0
|9 66441
|a BRACUL
|b BRACUL
|c GEN
|d 2019-09-22
|e Complimentary copy from BIED
|l 0
|o 418.007 LEE
|p 3010035690
|r 2019-09-22
|t 1
|w 2019-09-22
|y BK
|x Transferred from BIED to General Stacks
|